| 000 | 01146nam a22002537a 4500 | ||
|---|---|---|---|
| 005 | 20110124122750.0 | ||
| 010 | _aENG-101939 B-461901 | ||
| 020 |
_a9788184001327 _c299.00 |
||
| 035 | _aEN-85472 B-461901 | ||
| 037 | _bDBAD/PUB | ||
| 037 | _bAllied Pub/Ven | ||
| 082 | _aN | ||
| 100 |
_aTagore , Rabindranath _948431 |
||
| 245 |
_aThree women : _cby Rabindranath Tagore ; translated by Arunava Sinha _bNashtneer, Dui Bon, Malancha / |
||
| 260 |
_aNoida _bRandom House Publishers _c2010 |
||
| 270 |
_aMindMill Corporate Tower, 2nd Floor, Plot No. 24 A, Sector 16 A, _bNoida _e201301 |
||
| 300 |
_axiv,206p. _c20cm (pbk) |
||
| 490 |
_aThe Random House India classic series _948432 |
||
| 700 |
_aSinha,Arunava _925496 |
||
| 942 |
_2ddc _cEN _hN _mTAG |
||
| 999 |
_c50024 _d50024 |
||